Комплексный финансовый анализ в управлении предприятием Учебное пособие
В учебном пособии рассмотрен комплексный экономический анализ деятельности экономического субъекта как основа управления ее эффективностью. Показана роль анализа в управленческом цикле. Дана его характеристика как основного метода обоснования и выбора управленческих решений на всех стадиях управленч...
Сохранить в:
| Hovedforfatter: | |
|---|---|
| Format: | Учебное пособие |
| Udgivelse: | 2 |
| Serier: | Высшее образование |
| Online adgang: | https://znanium.ru/catalog/document?id=452389 https://znanium.ru/cover/2135/2135817.jpg |
| Tags: |
Tilføj Tag
Ingen Tags, Vær først til at tagge denne postø!
|
| LEADER | 04512nam0a2200397 i 4500 | ||
|---|---|---|---|
| 001 | RU\infra-m\znanium\bibl\2135817 | ||
| 003 | https://znanium.ru/catalog/document?id=452389 | ||
| 005 | 20250314000000.0 | ||
| 010 | |a 978-5-16-019744-9 | ||
| 010 | |a 978-5-16-112281-5 |b электр. издание | ||
| 100 | |a 20250314d2024 m y0rusy0150 ca | ||
| 101 | 0 | |a rus | |
| 102 | |a RU | ||
| 200 | 1 | |a Комплексный финансовый анализ в управлении предприятием |e Учебное пособие |f Уральский государственный экономический университет |g Уральский государственный экономический университет | |
| 205 | |a 2 |b перераб. и доп. | ||
| 210 | 1 | |a Москва |c ООО "Научно-издательский центр ИНФРА-М" |d 2024 | |
| 215 | |a 509 с. | ||
| 225 | 1 | |a Высшее образование | |
| 330 | |a В учебном пособии рассмотрен комплексный экономический анализ деятельности экономического субъекта как основа управления ее эффективностью. Показана роль анализа в управленческом цикле. Дана его характеристика как основного метода обоснования и выбора управленческих решений на всех стадиях управленческого цикла — от постановки целей и задач развития до оценки вклада отдельных подразделений и работников в общие результаты деятельности экономического субъекта. Особое внимание уделено информационно- образующей функции анализа. Основные задачи состоят в изложении ведущих методик финансового анализа ориентированных на улучшение использования производственных ресурсов и выявление резервов производства что является основным фактором роста эффективности оценки производственного потенциала экономического субъекта и обоснования экономичных направлений его развития обеспечивающих повышение финансовой устойчивости в долгосрочном периоде. Для студентов высших учебных заведений обучающихся по направлениям подготовки 38.03.01 38.04.01 «Экономика» и 38.03.02 38.04.02 «Менеджмент». | ||
| 333 | |a Профессиональное образование | ||
| 606 | |a Экономика. Бухгалтерский учет. Финансы |x Анализ хозяйственной деятельности (АХД) |2 local | ||
| 608 | |a Учебное пособие |2 local | ||
| 675 | |a 65(075.8) |z rus | ||
| 686 | |a 65.291.21я73 |2 rubbk | ||
| 686 | |a 38.03.02 |2 okso | ||
| 686 | |a 38.04.01 |2 okso | ||
| 686 | |a 38.04.02 |2 okso | ||
| 686 | |a 38.04.08 |2 okso | ||
| 686 | |a 41.03.06 |2 okso | ||
| 700 | 1 | |a Бороненкова |b С.А. |g Светлана Ароновна |p Уральский государственный экономический университет | |
| 701 | 1 | |a Мельник |b М.В. |g Маргарита Викторовна |p Финансовый университет при Правительстве Российской Федерации | |
| 701 | 1 | |a Чепулянис |b А.В. |g Антон Владимирович |p Уральский государственный экономический университет | |
| 712 | 0 | 2 | |a Уральский государственный экономический университет |
| 801 | 0 | |a RU |b Общество с ограниченной ответственностью «ЗНАНИУМ» |c 20240114 |2 rusmarc | |
| 856 | 4 | |a znanium.ru |m ebs_support@infra-m.ru |n НИЦ ИНФРА-М |u https://znanium.ru/catalog/document?id=452389 | |
| 856 | 4 | 1 | |a znanium.ru |d /cover/2135 |f 2135817.jpg |q image/jpeg |u https://znanium.ru/cover/2135/2135817.jpg |